000 01088nam a2200277 4500
001 0000020686
003 CO-CtgCURN
005 20250828171340.0
008 160627s2000 000 0 eng d
020 _a8484062066
040 _aCO-CtgCURN
_bspa
_ccoctgcurn
082 0 _a347.51
_bC17s
100 1 _aCasado Cerviño, Alberto.
245 1 0 _aEl sistema comunitario de marcas :
_bnormas, jurisprudencia y practica /
_cAlberto Casado Cerviño.
260 _aValladolid, España :
_bEditorial Lex Nova,
_c2000.
300 _a528 p.
336 _2rdacontent
337 _2rdamedia
_asin mediacion
_bn
338 _2rdacarrier
_avolumen
_bnc
504 _aBibliografia (p. 525-528)
505 8 _aEl derecho de marcas en la union Europea.--La marca comunitaria.--Protección de la marca comunitaria.--La oficina comunitaria de marcas.--Marca comunitaria, marca nacional y marca internacional
650 0 _aPropiedad industrial
_vLegislacion.
908 _a160627
942 _cBK
_h347.51
_iC17s
_2ddc
999 _c49814
_d49814
_x1